[Event "Hamm- Buer"]
[Site "?"]
[Date "2023.03.19"]
[Round "6.5"]
[White "Hirschberg, Markus"]
[Black "Woertler, Lars- Erik"]
[Result "1-0"]
[WhiteElo "1837"]
[BlackElo "1935"]
[PlyCount "45"]
[SourceDate "2022.10.02"]

1. e4 c5 2. Nf3 g6 3. d4 cxd4 4. Nxd4 Bg7 5. Be3 Nf6 6. Nc3 Nc6 7. Bc4 O-O 8.
Bb3 Na5 9. e5 Ne8 10. Bxf7+ Kxf7 11. Ne6 dxe6 12. Qxd8 Nc6 13. Qd2 Nxe5 14. Bh6
Nc4 15. Qf4+ Kg8 16. Qxc4 Bxh6 17. O-O Bg7 18. Rad1 Nd6 19. Qc7 Bf6 20. Rfe1 e5
21. Nd5 Nf5 22. Nxf6+ exf6 23. Rd8 1-0

[Event "Hamm- Buer"]
[Site "?"]
[Date "2023.03.19"]
[Round "6.6"]
[White "Brieger, Sebastian"]
[Black "Gritzan, Ulrich"]
[Result "1-0"]
[WhiteElo "1645"]
[BlackElo "1894"]
[PlyCount "79"]
[SourceDate "2022.10.02"]

1. e4 c5 2. c3 Nf6 3. e5 Nd5 4. Nf3 e6 5. d4 cxd4 6. cxd4 d6 7. Bc4 Nb6 8. Bd3
Nc6 9. a3 Be7 10. O-O O-O 11. Qe2 Nd5 12. Nc3 Nxc3 13. bxc3 d5 14. g3 f5 15.
exf6 Bxf6 16. h4 Bd7 17. Ng5 Bxg5 18. Bxg5 Qe8 19. Rae1 Rc8 20. h5 Qf7 21. h6
Kh8 22. hxg7+ Qxg7 23. Qh5 Rf7 24. Kg2 Ne7 25. Rh1 Nf5 26. g4 Rg8 27. f4 Rc8
28. gxf5 exf5 29. Rc1 Re8 30. Kf2 Re6 31. Bh6 Qg6 32. Qxg6 Rxg6 33. Bg5 Kg7 34.
Rcg1 Kh8 35. Rh6 Kg7 36. Rxg6+ hxg6 37. Re1 Kf8 38. c4 dxc4 39. Bxc4 Rh7 40.
Kg2 1-0

[Event "Hamm- Buer"]
[Site "?"]
[Date "2023.03.19"]
[Round "6.7"]
[White "Gill, Stephan"]
[Black "Boelling, Andreas"]
[Result "1/2-1/2"]
[WhiteElo "1815"]
[BlackElo "1780"]
[PlyCount "54"]
[SourceDate "2022.10.02"]

1. d4 d5 2. c4 e6 3. Nc3 Nf6 4. Bg5 Be7 5. e3 O-O 6. Nf3 h6 7. Bh4 Nbd7 8. Rc1
a6 9. c5 b5 10. c6 Nb6 11. Bd3 Ne8 12. Bxe7 Qxe7 13. O-O Qd6 14. Ne5 Nc4 15.
Bxc4 bxc4 16. b3 cxb3 17. Qxb3 a5 18. Nb5 Qb4 19. Rb1 f6 20. Ng6 Rf7 21. a4
Qxb3 22. Rxb3 Ba6 23. Nf4 Re7 24. Nd3 Nd6 25. Nc5 Nc4 26. Re1 Nd2 27. Rb2 Nc4
1/2-1/2

[Event "Hamm- Buer"]
[Site "?"]
[Date "2023.03.19"]
[Round "6.8"]
[White "Fluegel, Thomas"]
[Black "Kleinert, Andreas"]
[Result "0-1"]
[WhiteElo "1778"]
[BlackElo "1761"]
[PlyCount "76"]
[SourceDate "2022.10.02"]

1. d4 d6 2. c4 Nf6 3. Nf3 Nbd7 4. Bf4 Nh5 5. Bg3 g6 6. Nc3 Bg7 7. e3 c6 8. Be2
O-O 9. Qc2 e5 10. O-O Nxg3 11. hxg3 f5 12. Rfd1 e4 13. Nd2 Nf6 14. b4 d5 15. c5
Ng4 16. Nf1 Qg5 17. Nh2 Nxh2 18. Kxh2 Bd7 19. Rh1 Rae8 20. Rab1 Qf6 21. b5 g5
22. bxc6 Bxc6 23. Bb5 f4 24. gxf4 gxf4 25. Bxc6 bxc6 26. Kg1 Qg5 27. Qd2 Re6
28. Rb7 Ref6 29. Rh3 Rg6 30. Rh2 Qf6 31. Rh3 fxe3 32. Qxe3 Qxd4 33. Rxa7 Qxe3
34. fxe3 Bxc3 35. Rhxh7 Rg7 36. Rhxg7+ Bxg7 37. Rc7 Rf6 38. a4 Bh6 0-1

[Event "Rüttenscheid- Sterkrade"]
[Site "?"]
[Date "2023.03.19"]
[Round "6.1"]
[White "Knudsen, Simon"]
[Black "Michalek, Christoph"]
[Result "1-0"]
[WhiteElo "2275"]
[BlackElo "2183"]
[PlyCount "105"]
[SourceDate "2022.10.02"]

1. e4 c5 2. Nf3 e6 3. g3 Nf6 4. Qe2 d5 5. exd5 Nxd5 6. Bg2 Nc6 7. O-O Be7 8.
Rd1 Bf6 9. Nc3 O-O 10. Ne4 Be7 11. d4 cxd4 12. Nxd4 Nxd4 13. Rxd4 Nf4 14. Nf6+
Bxf6 15. Rxf4 Bg5 16. Rc4 Bxc1 17. Rxc1 Qa5 18. a3 Rb8 19. Rd1 f6 20. Qd2 Qxd2
21. Rxd2 Re8 22. Rc7 h6 23. Kf1 Kh7 24. Rd6 Kg6 25. h4 f5 26. f4 Kf6 27. Rd4
Re7 28. Rdc4 Bd7 29. Kf2 Bc6 30. Rxe7 Kxe7 31. Bxc6 bxc6 32. b3 Kd6 33. Ra4 Rb7
34. Ke3 e5 35. fxe5+ Kxe5 36. Ra5+ Ke6 37. Rc5 Rc7 38. h5 Kd6 39. Rxf5 Re7+ 40.
Kd3 c5 41. Rf4 Kd5 42. Rg4 Rf7 43. Rf4 Rd7 44. c3 Re7 45. c4+ Kd6 46. Rg4 Rb7
47. Rg6+ Ke5 48. Kc3 Rf7 49. b4 Rf3+ 50. Kb2 cxb4 51. axb4 a5 52. bxa5 Kd4 53.
a6 1-0

[Event "Rüttenscheid- Sterkrade"]
[Site "?"]
[Date "2023.03.19"]
[Round "6.2"]
[White "Dorgarten, Armin"]
[Black "Stricker, Florian"]
[Result "0-1"]
[WhiteElo "2062"]
[BlackElo "2179"]
[PlyCount "80"]
[SourceDate "2022.10.02"]

1. d4 d6 2. e4 Nf6 3. Nc3 g6 4. Bf4 c6 5. Qd2 Nbd7 6. O-O-O b5 7. f3 Qa5 8. Kb1
Rb8 9. g4 b4 10. Nce2 c5 11. Nc1 cxd4 12. Nb3 Qb6 13. Bh6 Bxh6 14. Qxh6 a5 15.
Nxd4 a4 16. Nh3 a3 17. Bc4 Ne5 18. Bb3 axb2 19. Ng5 Qc5 20. Qg7 Rf8 21. Nxh7
Nxh7 22. Qxh7 Nc4 23. Bxc4 Qxc4 24. Qg7 Ra8 25. Nb3 f6 26. Qxg6+ Kd8 27. Qh6
Rg8 28. Qe3 Qa6 29. Kxb2 Qa3+ 30. Kb1 Be6 31. e5 Qxa2+ 32. Kc1 fxe5 33. Kd2 Rc8
34. Rc1 Rc3 35. Qb6+ Ke8 36. Na5 Qd5+ 37. Ke1 Qxf3 38. Qb5+ Bd7 39. Qb8+ Rc8
40. Qb7 Qe3+ 0-1

[Event "Rüttenscheid- Sterkrade"]
[Site "?"]
[Date "2023.03.19"]
[Round "6.3"]
[White "Bashirov, Kemal"]
[Black "Kreitling, Oliver"]
[Result "1-0"]
[WhiteElo "2178"]
[BlackElo "1897"]
[PlyCount "45"]
[SourceDate "2022.10.02"]

1. d4 d5 2. c4 e6 3. Nc3 c6 4. Nf3 Nf6 5. cxd5 exd5 6. Bg5 Be7 7. e3 h6 8. Bf4
O-O 9. Qc2 Nbd7 10. h3 Re8 11. Bd3 Nf8 12. O-O Ne6 13. Bg3 Nh5 14. Bh2 Ng5 15.
Ne5 Nxh3+ 16. gxh3 Bxh3 17. Bh7+ Kf8 18. Nxf7 Qc8 19. Qg6 Nf6 20. Ne5 Qe6 21.
Ne2 Nxh7 22. Qxh7 Bf6 23. Nf4 1-0

[Event "Rüttenscheid- Sterkrade"]
[Site "?"]
[Date "2023.03.19"]
[Round "6.4"]
[White "Furchtbar, Uwe"]
[Black "Aulich, Marcell"]
[Result "0-1"]
[WhiteElo "1908"]
[BlackElo "2207"]
[PlyCount "92"]
[SourceDate "2022.10.02"]

1. d4 d5 2. c4 e6 3. Nc3 Nf6 4. cxd5 exd5 5. Bg5 Nbd7 6. e3 Be7 7. Bd3 O-O 8.
Qc2 c6 9. Nge2 Re8 10. O-O h6 11. Bh4 Nh5 12. Bg3 Bf8 13. Nf4 Nxg3 14. hxg3 Nf6
15. Rab1 Bd7 16. Bf5 g6 17. Bxd7 Qxd7 18. Nd3 Qf5 19. Rfc1 Bd6 20. Nf4 Qg5 21.
Qd1 Bxf4 22. gxf4 Qf5 23. Qf3 Re7 24. Ne2 Qe4 25. Qh3 Kg7 26. Ng3 Qd3 27. f5
Rae8 28. Rd1 Qc4 29. b3 Qc2 30. a4 h5 31. Rdc1 Qa2 32. fxg6 fxg6 33. Qh4 Rf7
34. Rf1 Kh7 35. Qg5 Ng4 36. Nxh5 gxh5 37. Qxh5+ Nh6 38. g4 Rg8 39. g5 Rxg5+ 40.
Qxg5 Rg7 41. Qxg7+ Kxg7 42. Kg2 Ng4 43. Kg3 Nh6 44. Kf4 Kf6 45. Kf3 Nf7 46. Kg3
Nd6 0-1

[Event "Rüttenscheid- Sterkrade"]
[Site "?"]
[Date "2023.03.19"]
[Round "6.5"]
[White "Grewe, Ludger"]
[Black "Storp, Thomas"]
[Result "1/2-1/2"]
[WhiteElo "2134"]
[BlackElo "1858"]
[PlyCount "166"]
[SourceDate "2022.10.02"]

1. e4 c5 2. Nf3 Nc6 3. d4 cxd4 4. Nxd4 a6 5. Nc3 g6 6. Bc4 Bg7 7. Be3 d6 8. Qd2
Nf6 9. f3 O-O 10. O-O Nxd4 11. Bxd4 b5 12. Bb3 Bb7 13. Rad1 Nd7 14. Nd5 Rc8 15.
Rf2 Nc5 16. Bxg7 Kxg7 17. Qd4+ Kg8 18. c3 Nxb3 19. axb3 Bxd5 20. exd5 Qc7 21.
Re2 Rfe8 22. b4 Qb7 23. Rde1 Rc4 24. Qd2 Qc7 25. Ra1 Qb7 26. g3 Rc7 27. Kg2 Qb6
28. Re4 e5 29. dxe6 fxe6 30. Rae1 e5 31. Qd5+ Rf7 32. Rd1 Ref8 33. Qxd6 Qxd6
34. Rxd6 Rxf3 35. Rd2 R3f5 36. Rde2 Kg7 37. Rxe5 Rxe5 38. Rxe5 Rf6 39. Re7+ Kh6
40. Rd7 g5 41. h3 Kg6 42. g4 h5 43. gxh5+ Kxh5 44. Kg3 Kg6 45. Rc7 Rd6 46. Kg4
Rf6 47. Rc5 Rf4+ 48. Kg3 Rf6 49. Rd5 Rc6 50. h4 gxh4+ 51. Kxh4 Kf6 52. Kg4 Ke6
53. Rd4 Ke5 54. Kf3 Rh6 55. Ke3 Rh2 56. Rd2 Rh1 57. Kd3 Kd5 58. b3 Rh3+ 59.
Kc2+ Kc6 60. c4 bxc4 61. bxc4 Rh1 62. Rg2 Rh3 63. Rg6+ Kb7 64. Rd6 Ra3 65. Rd3
Ra4 66. Kc3 Kc6 67. Re3 Kd6 68. c5+ Kd5 69. Rd3+ Kc6 70. Rd6+ Kc7 71. Rb6 a5
72. b5 Rb4 73. Kd3 Rb1 74. Kc2 Rb4 75. Kc3 Rb1 76. Kc4 Rc1+ 77. Kd4 Rd1+ 78.
Ke3 Re1+ 79. Kd2 Rb1 80. Kc2 Rb4 81. Kc3 Rb1 82. Rc6+ Kb7 83. Rb6+ Kc7 1/2-1/2

[Event "Rüttenscheid- Sterkrade"]
[Site "?"]
[Date "2023.03.19"]
[Round "6.6"]
[White "Koprek, Juergen"]
[Black "Kuckling, Hannah"]
[Result "1-0"]
[WhiteElo "1843"]
[BlackElo "2057"]
[PlyCount "85"]
[SourceDate "2022.10.02"]

1. d4 d5 2. Nf3 e6 3. e3 a6 4. Bd3 Nf6 5. Nbd2 c5 6. b3 cxd4 7. exd4 Nc6 8. Bb2
Bd7 9. a3 Bd6 10. O-O O-O 11. Re1 Rc8 12. Ne5 Bb8 13. Qf3 Nxe5 14. dxe5 Ne8 15.
Qh3 h6 16. Nf3 Ba7 17. a4 Bc5 18. Bc1 f5 19. Qh5 Nc7 20. Bxh6 gxh6 21. Qg6+ Kh8
22. Qxh6+ Kg8 23. Qg6+ Kh8 24. Ng5 Qe7 25. b4 Bb6 26. Ra3 Qg7 27. Qh5+ Kg8 28.
Bf1 Be8 29. Qh4 Bg6 30. a5 Ba7 31. Rg3 Rce8 32. Nh3 Qh7 33. Qg5 Nb5 34. Bxb5
axb5 35. Nf4 Rf7 36. Qxg6+ Qxg6 37. Rxg6+ Rg7 38. Rxe6 Rxe6 39. Nxe6 Rg4 40.
Nc7 Rxb4 41. e6 Bc5 42. e7 Bxe7 43. Nxd5 1-0

[Event "Rüttenscheid- Sterkrade"]
[Site "?"]
[Date "2023.03.19"]
[Round "6.8"]
[White "Bruckmann, Jochen"]
[Black "Finke, Tobias"]
[Result "1/2-1/2"]
[WhiteElo "1916"]
[BlackElo "2054"]
[PlyCount "47"]
[SourceDate "2022.10.02"]

1. d4 Nf6 2. c4 e6 3. Nc3 d5 4. Bg5 Be7 5. e3 Nbd7 6. Nf3 c6 7. Bd3 O-O 8. Qc2
Re8 9. Ne5 Nf8 10. h4 dxc4 11. Bxc4 Nd5 12. Bxe7 Qxe7 13. e4 Nb6 14. Be2 Nfd7
15. Nf3 e5 16. O-O-O exd4 17. Nxd4 Ne5 18. g3 Bd7 19. Rhe1 Rad8 20. f4 Ng4 21.
Bf3 h5 22. e5 Bc8 23. Ne4 Qb4 24. Qc3 1/2-1/2

[Event "Ahlen- Gladbeck"]
[Site "?"]
[Date "2023.03.19"]
[Round "6.1"]
[White "Hassenrueck, Helmut"]
[Black "Steinle, Carsten"]
[Result "1/2-1/2"]
[WhiteElo "2153"]
[BlackElo "2082"]
[PlyCount "67"]
[SourceDate "2022.10.02"]

1. d4 e6 2. Nf3 Nf6 3. c4 Bb4+ 4. Bd2 Qe7 5. g3 Ne4 6. Bg2 O-O 7. O-O Bxd2 8.
Nbxd2 Nxd2 9. Qxd2 d6 10. Rac1 Nd7 11. b4 e5 12. d5 b6 13. e4 a5 14. a3 axb4
15. axb4 Bb7 16. Bh3 Nf6 17. Qc2 Ra3 18. Nh4 g6 19. Ra1 Rfa8 20. Rxa3 Rxa3 21.
Qb2 Ra4 22. f3 Nh5 23. Ng2 Qe8 24. Ra1 Rxa1+ 25. Qxa1 Nf6 26. Ne3 Kf8 27. Qa7
Qa8 28. Qxa8+ Bxa8 29. Bc8 Ke7 30. g4 Kd8 31. Ba6 c6 32. g5 Nh5 33. dxc6 Bxc6
34. Kf2 1/2-1/2

[Event "Ahlen- Gladbeck"]
[Site "?"]
[Date "2023.03.19"]
[Round "6.2"]
[White "Torres - Kuckel, Rafael"]
[Black "Frohne, Gerd"]
[Result "1/2-1/2"]
[WhiteElo "2096"]
[BlackElo "2103"]
[PlyCount "61"]
[SourceDate "2022.10.02"]

1. e4 e6 2. d4 d5 3. exd5 exd5 4. Nf3 Bd6 5. c4 Nf6 6. Nc3 c6 7. Bd3 dxc4 8.
Bxc4 O-O 9. O-O Nbd7 10. Bg5 h6 11. Bh4 Nb6 12. Bb3 Bf5 13. Re1 g5 14. Bg3 Bxg3
15. hxg3 Qd6 16. Qd2 Kg7 17. Ne5 Rad8 18. Rad1 Nbd5 19. Na4 Qb4 20. Qe2 Rfe8
21. Bc2 Bxc2 22. Qxc2 Nb6 23. Nxb6 axb6 24. a3 Qa5 25. Re3 Qd5 26. Rdd3 Nd7 27.
Qe2 f6 28. Nxd7 Qxd7 29. Rxe8 Rxe8 30. Re3 Rxe3 31. Qxe3 1/2-1/2

[Event "Ahlen- Gladbeck"]
[Site "?"]
[Date "2023.03.19"]
[Round "6.3"]
[White "Berg, Dietmar"]
[Black "Woestmann, Ulrich"]
[Result "1/2-1/2"]
[WhiteElo "2076"]
[BlackElo "1992"]
[PlyCount "37"]
[SourceDate "2022.10.02"]

1. d4 Nf6 2. Nf3 g6 3. Bg5 Ne4 4. Bh4 d5 5. e3 c5 6. c3 Bg7 7. Nbd2 cxd4 8.
exd4 Qb6 9. Qb3 Nxd2 10. Nxd2 Qe6+ 11. Be2 Nc6 12. Qd1 O-O 13. O-O Qd7 14. Nf3
a6 15. Re1 Re8 16. Bg3 b6 17. Bf1 Qb7 18. Ne5 Bf5 19. Nxc6 1/2-1/2

[Event "Ahlen- Gladbeck"]
[Site "?"]
[Date "2023.03.19"]
[Round "6.4"]
[White "Busche, Klaus"]
[Black "Kruse, Peter"]
[Result "1/2-1/2"]
[WhiteElo "1957"]
[BlackElo "1952"]
[PlyCount "86"]
[SourceDate "2022.10.02"]

1. d4 Nf6 2. Bf4 e6 3. e3 c5 4. c3 Nc6 5. Nd2 d5 6. Ngf3 Be7 7. Ne5 O-O 8. Bd3
Bd6 9. Bg3 Ne7 10. Nef3 b6 11. e4 c4 12. Bc2 dxe4 13. Nxe4 Nxe4 14. Bxe4 Nd5
15. Bxd6 Qxd6 16. O-O Bb7 17. Re1 b5 18. Ne5 Rac8 19. a3 Rc7 20. Qf3 Rb8 21.
Bxd5 Bxd5 22. Qg3 f6 23. Ng4 Qxg3 24. hxg3 Kf7 25. f3 a5 26. Ne3 b4 27. axb4
axb4 28. Ra5 bxc3 29. bxc3 Rb3 30. Rc1 Rd7 31. Rc5 Ra7 32. Nxc4 Bxc4 33. Rxc4
Rb2 34. Kh2 Raa2 35. Rg1 Rc2 36. Rc7+ Kg6 37. Kh3 Ra3 38. Re1 Raxc3 39. Rxc3
Rxc3 40. Rxe6 Kf7 41. Ra6 g5 42. g4 Rd3 43. Ra7+ Ke6 1/2-1/2

[Event "Ahlen- Gladbeck"]
[Site "?"]
[Date "2023.03.19"]
[Round "6.5"]
[White "Rickert, Stefan"]
[Black "Starp, Klaus"]
[Result "1/2-1/2"]
[WhiteElo "2031"]
[BlackElo "1978"]
[PlyCount "112"]
[SourceDate "2022.10.02"]

1. e4 c5 2. Nf3 d6 3. c3 Nf6 4. Qc2 Qc7 5. Be2 g6 6. O-O Bg7 7. Na3 a6 8. d4
cxd4 9. Nxd4 O-O 10. Kh1 Nc6 11. Nxc6 Qxc6 12. f3 b5 13. Be3 Bb7 14. Qd2 Qc7
15. c4 bxc4 16. Rac1 d5 17. exd5 Nxd5 18. Rxc4 Qd8 19. Bf2 e6 20. Rd1 Qb8 21.
Bd4 e5 22. Be3 Rd8 23. Rcc1 Nxe3 24. Qxe3 Bd5 25. b3 a5 26. Nb5 Be6 27. Nc7
Rxd1+ 28. Bxd1 Qa7 29. Qxa7 Rxa7 30. Nxe6 fxe6 31. Be2 Bh6 32. Rc8+ Kf7 33. Bb5
Be3 34. g3 h6 35. Kg2 Bb6 36. Be8+ Kf6 37. Bb5 Rc7 38. Rxc7 Bxc7 39. Kf2 Bb6+
40. Ke2 Ke7 41. Kd3 g5 42. Ke4 Kd6 43. Be8 Bg1 44. h4 gxh4 45. gxh4 Bf2 46. h5
Bg3 47. Kd3 Kc5 48. Bf7 Kb4 49. Bxe6 Bf2 50. Ke4 Bg3 51. Kd5 a4 52. bxa4 Kxa4
53. Ke4 Ka3 54. Kf5 Kb4 55. Kg6 Bf4 56. Kf6 Bg3 1/2-1/2

[Event "Ahlen- Gladbeck"]
[Site "?"]
[Date "2023.03.19"]
[Round "6.6"]
[White "Jaeger, Niklas"]
[Black "Huttny, Georg"]
[Result "1-0"]
[WhiteElo "1750"]
[BlackElo "1808"]
[Annotator "daniel"]
[PlyCount "95"]
[SourceDate "2022.10.02"]

1. d4 Nf6 2. Bf4 c5 3. dxc5 Qa5+ 4. Nd2 Qxc5 5. c3 d6 6. Ngf3 g6 7. e3 Bg7 8.
Be2 O-O 9. h3 Nc6 10. O-O h6 11. Bh2 Bd7 12. Nc4 a5 13. Nxd6 exd6 14. Bxd6 Qb6
15. Bxf8 Kxf8 16. Qb3 Qc7 17. a4 Ne4 18. Rfd1 Ne5 19. Nxe5 Bxe5 20. Bb5 Bh2+
21. Kf1 Be6 22. Qc2 Bf5 23. Bd3 Nd6 24. Bxf5 Nxf5 25. Qd3 Re8 $11 26. e4 Nd6
27. g3 Nxe4 28. Kg2 Qb6 29. Qc2 Bxg3 30. fxg3 Qe3 31. Rd3 Qg5 32. Re1 h5 33.
Rde3 f5 34. h4 Qg4 35. Qd1 Qxd1 36. Rxd1 Ke7 37. Red3 Kf6 38. Rd7 Nc5 39. R7d6+
Kf7 40. Kf3 Nxa4 41. Rd7+ Re7 42. R1d2 Nc5 43. Rxe7+ Kxe7 44. Rd5 b6 45. b4 Ke6
46. Rxc5 bxc5 47. bxa5 Kd6 48. Kf4 1-0

[Event "Ahlen- Gladbeck"]
[Site "?"]
[Date "2023.03.19"]
[Round "6.7"]
[White "Busch, Udo"]
[Black "Lang, Nico"]
[Result "1-0"]
[WhiteElo "1781"]
[BlackElo "1837"]
[PlyCount "117"]
[SourceDate "2022.10.02"]

1. d4 d5 2. c4 c6 3. cxd5 cxd5 4. Nc3 Nc6 5. Nf3 Bf5 6. Bf4 e6 7. e3 Qb6 8. Qb3
Nb4 9. Bb5+ Kd8 10. Rc1 Bd3 11. Qa4 a6 12. Ne5 Bxb5 13. Nxb5 Qxb5 14. Qxb5 axb5
15. a3 Na6 16. Nxf7+ Ke8 17. Nxh8 Ne7 18. Ke2 Nc6 19. Rhd1 Be7 20. e4 Kf8 21.
exd5 exd5 22. Kd3 b4 23. a4 b3 24. Rc3 Nab4+ 25. Ke2 Nc2 26. Be5 Rxa4 27. Rxb3
N2xd4+ 28. Bxd4 Nxd4+ 29. Rxd4 Rxd4 30. Rxb7 Re4+ 31. Kd3 Kg8 32. f3 Re6 33.
Kd4 g5 34. Kxd5 Re2 35. b4 Kxh8 36. b5 Rd2+ 37. Ke6 Bd6 38. Rd7 Bf4 39. Rxd2
Bxd2 40. b6 Bf4 41. g3 Bb8 42. Kf7 Be5 43. b7 Bb8 44. Kf6 g4 45. f4 Kg8 46. Ke7
h5 47. Kd7 Kf7 48. Kc8 Ba7 49. b8=Q Bxb8 50. Kxb8 Ke6 51. Kc7 Ke7 52. Kc6 Ke6
53. Kc5 Kf5 54. Kd4 h4 55. Kd5 hxg3 56. hxg3 Kf6 57. Ke4 Ke6 58. f5+ Kf6 59.
Kf4 1-0

[Event "Ahlen- Gladbeck"]
[Site "?"]
[Date "2023.03.19"]
[Round "6.8"]
[White "Voelker, Andreas"]
[Black "Wendt, Peter"]
[Result "1-0"]
[WhiteElo "1763"]
[BlackElo "1776"]
[PlyCount "97"]
[SourceDate "2022.10.02"]

1. e4 d6 2. d4 Nf6 3. Nc3 g6 4. Be3 Bg7 5. Qd2 O-O 6. O-O-O a6 7. h4 h5 8. f3
Nc6 9. Nh3 e5 10. dxe5 Nxe5 11. Bg5 Bxh3 12. Rxh3 Qd7 13. Rg3 b5 14. Nd5 Nxd5
15. Qxd5 Qe6 16. Be2 Nc4 17. c3 Kh7 18. b3 Qxd5 19. Rxd5 Nb6 20. Rd3 Bh6 21. f4
Rae8 22. Rge3 Nd7 23. b4 f6 24. Bxh6 Kxh6 25. g4 hxg4 26. Bxg4 Nb6 27. Kd1 Nc4
28. Re2 f5 29. exf5 Rxe2 30. Kxe2 gxf5 31. Bf3 Re8+ 32. Kf2 Re6 33. Bb7 c5 34.
Bxa6 cxb4 35. cxb4 Re4 36. Kf3 Nb2 37. Rxd6+ Kg7 38. Bxb5 Rxb4 39. Bd7 Nc4 40.
Rd5 Nb6 41. Rb5 Rd4 42. Bxf5 Nc4 43. Kg4 Ne3+ 44. Kg5 Ng2 45. Rb7+ Kf8 46. Kf6
Rd8 47. Rh7 Kg8 48. Rg7+ Kf8 49. Rxg2 1-0

[Event "Dortmunder SV 1 - Recklinghäuser SV Süd"]
[Site "Verbandsklasse, Gr. 1 2022/20"]
[Date "2023.03.19"]
[Round "6"]
[White "Callenberg, Ralf"]
[Black "Schulenburg, Pit"]
[Result "1/2-1/2"]
[WhiteElo "2046"]
[BlackElo "2038"]
[PlyCount "114"]
[EventDate "2023.??.??"]
[SourceDate "2022.10.02"]
[WhiteTeam "Recklinghäuser SV Süd/Ost 1"]
[BlackTeam "Dortmunder SV 1"]

1. c4 Nf6 2. Nc3 g6 3. e4 d6 4. g3 Bg7 5. Bg2 O-O 6. Nge2 c5 7. d3 Nc6 8. O-O
Rb8 9. h3 Ne8 10. Be3 e6 11. d4 b6 12. d5 Na5 13. dxe6 Nxc4 14. exf7+ Rxf7 15.
Bc1 Nc7 16. b3 Ne5 17. f4 Nc6 18. Be3 Ba6 19. Rc1 Qe8 20. Rc2 Rd8 21. Rd2 d5
22. Bf2 d4 23. Na4 Re7 24. Re1 Ne6 25. Nb2 Nb4 26. Nc1 b5 27. Ncd3 Nxd3 28.
Nxd3 Rc7 29. f5 Ng5 30. h4 Nf7 31. Nf4 Bc8 32. g4 Be5 33. Nd5 Rcd7 34. b4 Qf8
35. Qc2 gxf5 36. gxf5 c4 37. Bxd4 Qg7 38. Qc3 Bxd4+ 39. Qxd4 Ne5 40. Kh1 Kh8
41. Qc3 Nd3 42. Qxg7+ Rxg7 43. Rf1 Rg4 44. Nc3 Rdg8 45. Nxb5 Rxh4+ 46. Kg1 Rxe4
47. Nd6 Rd4 48. Nxc8 Rxc8 49. f6 c3 50. Rc2 Rf4 51. f7 Kg7 52. Bd5 Rg4+ 53. Kh2
Nf4 54. Bb3 h5 55. Rcf2 Rh4+ 56. Kg3 Rg4+ 57. Kf3 c2 {(=)} 1/2-1/2

[Event "Dortmunder SV 1 - Recklinghäuser SV Süd"]
[Site "Verbandsklasse, Gr. 1 2022/20"]
[Date "2023.03.19"]
[Round "6"]
[White "Mallee, Ralph"]
[Black "Mecklenburg, Roland"]
[Result "1/2-1/2"]
[WhiteElo "2067"]
[BlackElo "1962"]
[PlyCount "47"]
[EventDate "2023.??.??"]
[SourceDate "2022.10.02"]
[WhiteTeam "Dortmunder SV 1"]
[BlackTeam "Recklinghäuser SV Süd/Ost 1"]

1. e4 e5 2. Nf3 Nc6 3. Bb5 a6 4. Ba4 Nf6 5. O-O b5 6. Bb3 Be7 7. Re1 O-O 8. Nc3
d6 9. h3 Na5 10. d3 Nxb3 11. axb3 Bb7 12. Be3 Nd7 13. Qd2 Qe8 14. Kh2 c5 15.
Nd5 Bxd5 16. exd5 Nb6 17. c4 h6 18. Qe2 a5 19. Nd2 f5 20. f3 b4 21. g4 Qd7 22.
Rg1 f4 23. Bf2 g5 24. Ne4 1/2-1/2

[Event "Dortmunder SV 1 - Recklinghäuser SV Süd"]
[Site "Verbandsklasse, Gr. 1 2022/20"]
[Date "2023.03.19"]
[Round "6"]
[White "Parado, Dominador"]
[Black "Brockmann, Fabian"]
[Result "0-1"]
[WhiteElo "1894"]
[BlackElo "1929"]
[PlyCount "98"]
[EventDate "2023.??.??"]
[SourceDate "2022.10.02"]
[WhiteTeam "Recklinghäuser SV Süd/Ost 1"]
[BlackTeam "Dortmunder SV 1"]

1. d4 c5 2. d5 Nf6 3. c4 b5 4. Nd2 bxc4 5. e4 d6 6. Bxc4 g6 7. b3 Bg7 8. Bb2
O-O 9. Ngf3 Nbd7 10. Qc2 Nb6 11. Bd3 a5 12. a4 Ba6 13. Bxa6 Rxa6 14. O-O Qc7
15. Rae1 Rc8 16. Nc4 Nfd7 17. Bxg7 Kxg7 18. Nxa5 Nf6 19. Nc4 Nxc4 20. Qxc4 Qb7
21. Nd2 Rb6 22. a5 Rb4 23. Qc3 Ra8 24. Ra1 Qb5 25. g4 Kg8 26. g5 Nxe4 27. Nxe4
Rxe4 28. f3 Qb4 29. Qb2 Qd4+ 30. Qxd4 Rxd4 31. a6 Ra7 32. Ra5 Rb4 33. Ra3 Rb6
34. Rfa1 Kf8 35. Kf2 Ke8 36. Ke3 Kd7 37. Kd3 Kc7 38. Kc4 Rb4+ 39. Kc3 Kb6 40.
R1a2 Rf4 41. Kd2 Rxf3 42. Ke2 Rh3 43. Kf1 Rd3 44. Ra5 Rxb3 45. Kg1 Rb4 46. Kg2
Rg4+ 47. Kf3 Rxg5 48. R5a4 Rxd5 49. Rb2+ Kc7 0-1

[Event "Dortmunder SV 1 - Recklinghäuser SV Süd"]
[Site "Verbandsklasse, Gr. 1 2022/20"]
[Date "2023.03.19"]
[Round "6"]
[White "Meinike, Thorsten"]
[Black "Blayvas, Jan"]
[Result "0-1"]
[WhiteElo "1778"]
[BlackElo "2087"]
[PlyCount "74"]
[EventDate "2023.??.??"]
[SourceDate "2022.10.02"]
[WhiteTeam "Dortmunder SV 1"]
[BlackTeam "Recklinghäuser SV Süd/Ost 1"]

1. d4 Nf6 2. c4 e6 3. Nc3 Bb4 4. Nf3 c5 5. e3 O-O 6. Bd3 Nc6 7. O-O Bxc3 8.
bxc3 d6 9. e4 e5 10. d5 Ne7 11. h3 Ng6 12. Bg5 h6 13. Be3 Re8 14. Nd2 Nf4 15.
Bxf4 exf4 16. Re1 Nd7 17. Nf3 Qf6 18. Qd2 g5 19. Nh2 Ne5 20. Be2 Kg7 21. Ng4
Bxg4 22. hxg4 f3 23. Bf1 Nxg4 24. gxf3 Qxf3 25. Bg2 Qf6 26. Rf1 Qf4 27. Qxf4
gxf4 28. Rab1 b6 29. Bh3 Ne5 30. Bf5 Kf6 31. f3 Rg8+ 32. Kf2 Rg3 33. Rh1 Rxf3+
34. Ke2 Rg8 35. Rxh6+ Ke7 36. Rh2 Rxc3 37. Rb3 Rc2+ 0-1

[Event "Dortmunder SV 1 - Recklinghäuser SV Süd"]
[Site "Verbandsklasse, Gr. 1 2022/20"]
[Date "2023.03.19"]
[Round "6"]
[White "Stahlhofen, Thomas"]
[Black "Köhler, Eckart"]
[Result "0-1"]
[WhiteElo "1814"]
[BlackElo "1900"]
[PlyCount "144"]
[EventDate "2023.??.??"]
[SourceDate "2022.10.02"]
[WhiteTeam "Recklinghäuser SV Süd/Ost 1"]
[BlackTeam "Dortmunder SV 1"]

1. e4 d5 2. exd5 Qxd5 3. Nc3 Qd8 4. d4 Nf6 5. Be3 e6 6. Nf3 Be7 7. Qd2 Nd5 8.
Nxd5 exd5 9. Bd3 Nd7 10. O-O-O Nf6 11. Ne5 Ng4 12. Bb5+ Kf8 13. Nxg4 Bxg4 14.
f3 Bf5 15. g4 Bg6 16. h4 c6 17. Be2 h6 18. g5 h5 19. Bd3 Kg8 20. f4 Qd7 21. f5
Bxf5 22. Bxf5 Qxf5 23. Rhf1 Qg6 24. Bf4 Kh7 25. Be5 Rhf8 26. Rf2 Bd6 27. Bxd6
Qxd6 28. Rdf1 Qg6 29. Qb4 b6 30. Qe7 Rae8 31. Qxa7 Ra8 32. Qxb6 Rxa2 33. Qc5
Ra1+ 34. Kd2 Rxf1 35. Rxf1 Re8 36. Qa7 Re4 37. Qxf7 Rxd4+ 38. Kc1 Qxf7 39. Rxf7
Rxh4 40. Re7 Re4 41. Rc7 Re6 42. b4 Kg6 43. b5 cxb5 44. Rc5 Re5 45. Rxb5 Rxg5
46. Kd2 h4 47. Ke2 h3 48. Rb1 Rh5 49. Rg1+ Kf6 50. Rh1 Rh4 51. Kf3 h2 52. Kg3
Rh6 53. Kg2 Ke5 54. Re1+ Kd4 55. Kh1 Kc3 56. Re5 d4 57. Rc5+ Kd2 58. Rc4 Ke3
59. Rc5 Ke4 60. Rg5 Rc6 61. Rg2 Kd5 62. Kxh2 Kc4 63. Rg3 Re6 64. Kg1 Re2 65.
Kf1 Rxc2 66. Rxg7 Kc3 67. Rg3+ d3 68. Rh3 Rc1+ 69. Kf2 Kc2 70. Rh8 d2 71. Rc8+
Kb3 72. Rb8+ Ka4 0-1

[Event "Dortmunder SV 1 - Recklinghäuser SV Süd"]
[Site "Verbandsklasse, Gr. 1 2022/20"]
[Date "2023.03.19"]
[Round "6"]
[White "Wilms, Christoph"]
[Black "Balke, Heinrich"]
[Result "1/2-1/2"]
[WhiteElo "1788"]
[BlackElo "1808"]
[PlyCount "57"]
[EventDate "2023.??.??"]
[SourceDate "2022.10.02"]
[WhiteTeam "Dortmunder SV 1"]
[BlackTeam "Recklinghäuser SV Süd/Ost 1"]

1. e4 c6 2. d4 d5 3. Nc3 dxe4 4. Nxe4 Nf6 5. Ng3 e6 6. Nf3 c5 7. Be2 Nc6 8. Be3
Nd5 9. Bg5 Be7 10. Bxe7 Qxe7 11. O-O O-O 12. Ne4 cxd4 13. Nxd4 Bd7 14. c3 Rfd8
15. Nxc6 Bxc6 16. Qc2 Rac8 17. Bf3 Nf4 18. Rad1 Ng6 19. Nd2 Bb5 20. Rfe1 Bd3
21. Qa4 a6 22. Be4 Bb5 23. Qc2 Bc6 24. Bxc6 Rxc6 25. Ne4 Rc7 26. Rxd8+ Qxd8 27.
Rd1 Rd7 28. Rxd7 Qxd7 29. Qd2 {(=)} 1/2-1/2

[Event "Dortmunder SV 1 - Recklinghäuser SV Süd"]
[Site "Verbandsklasse, Gr. 1 2022/20"]
[Date "2023.03.19"]
[Round "6"]
[White "Hillebrand, Elmar"]
[Black "Haneberg, Alexander"]
[Result "1/2-1/2"]
[WhiteElo "1746"]
[BlackElo "1772"]
[PlyCount "47"]
[EventDate "2023.??.??"]
[SourceDate "2022.10.02"]
[WhiteTeam "Recklinghäuser SV Süd/Ost 1"]
[BlackTeam "Dortmunder SV 1"]

1. e4 c6 2. d4 d5 3. Nc3 dxe4 4. Nxe4 Bf5 5. Ng3 Bg6 6. h4 h6 7. h5 Bh7 8. Nf3
Nd7 9. Bd3 Bxd3 10. Qxd3 Ngf6 11. c4 e6 12. Bd2 a5 13. a3 a4 14. O-O Nc5 15.
Qe2 Nb3 16. Rad1 Bd6 17. Nf5 Be7 18. Nxe7 Qxe7 19. Bb4 Qc7 20. d5 c5 21. Bc3
Ra6 22. d6 Qd8 23. Be5 O-O 24. Nd2 {(=)} 1/2-1/2